00433pab a2200145 454500008003600000100002200036245005000058362001900108650001200127650003100139773001400170909001000184999001700194952007600211180718b xxu||||| |||| 00| 0 eng d aRamachandran Raju aJudging judges: no half way houses in conduct a19 Jul 93, p.8 a Judges aJustice, Administration of aStatesman a24973 c24973d24973 00104070aIIPAbIIPAd2018-07-19pAR25045r2018-07-19w2018-07-19yAR